Most Distorted Countries on the Mercator Projection - Statistics

General Stats
  • This quiz has been taken 194 times
  • The average score is 17 of 20
Answer Stats
Distortion % Answer % Correct
53.4 Russia
99%
52.9 Canada
97%
44.2 Denmark
96%
57 Finland
93%
64.8 Norway
93%
54.4 Sweden
93%
41.1 United Kingdom
91%
57.9 Iceland
87%
48 Estonia
84%
37.3 Germany
84%
40.1 Ireland
84%
45.3 Latvia
84%
43 Lithuania
82%
38.6 Poland
82%
38.9 Netherlands
80%
40.5 Belarus
79%
36.6 Belgium
78%
34.3 Ukraine
76%
35.4 Luxembourg
74%
35.4 Czech Republic
71%
No matching quizzes found
Score Distribution
Percent of People with Each Score
Percentile by Number Answered
Your Score History
You have not taken this quiz